Normal view
MARC view
- Dr. Muwahida Liaqat
Entry Personal Name
001 - CONTROL NUMBER
- control field: 16547
003 - CONTROL NUMBER IDENTIFIER
- control field: NUST
005 - DATE AND TIME OF LATEST TRANSACTION
- control field: 20190703094531.0
008 - FIXED-LENGTH DATA ELEMENTS
- fixed length control field: 190703|| aca||aabn | a|a d
040 ## - CATALOGING SOURCE
- Original cataloging agency: NUST
- Transcribing agency: NUST
100 ## - HEADING--PERSONAL NAME
- Personal name: Dr. Muwahida Liaqat
670 ## - SOURCE DATA FOUND
- Source citation: Work cat.: (NUST): Qayyum, Naila 16546, Aircraft Longitudinal Automatic Landing Control using Model Predictive Control /, 2017.
